000 00273nam a2200109Ia 4500
008 200302s9999 xx 000 0 und d
100 _aEdward D. Mills
245 _aPlanning Architect Technical Eference Data
260 _bNewns-Butterworths
260 _c1972
300 _a150 P.,
999 _c36
_d36